00249nam a22000977a 4500008004100000020001500041082001500056245004300071260002800114300000900142230704b xxu||||| |||| 00| 0 eng d a0192622285 a362.7bGRA aThe State of the World's Children 1992 bOxford University Press a100p